00423 2200169 4500245005400000020002200054250001100076100002100087650001300108650002100121005001900142260004200161041001400203084001200217300001500229336000900244 aAku Bersyukur Ibuku PikuncIrna PermanasarihText a978-602-03-1826-4 aCet. 1 aIrna Permanasari aDemensia aKisah Inspiratif a20230112075413 aJakartabGramedia Pustaka Utamac2015 aIndonesia a618.976 a189 hlm. : atext